| 000 | 00359pab a2200157 454500 | ||
|---|---|---|---|
| 008 | 180718b2007 xxu||||| |||| 00| 0 eng d | ||
| 100 | _aSingh, Shambhu | ||
| 245 | _aSMEs in competitive markets | ||
| 260 | _c2007 | ||
| 300 | _ap.250-66. | ||
| 362 | _aOct-Dec | ||
| 650 | _aSmall scale industry | ||
| 773 | _aProductivity | ||
| 908 | _aN | ||
| 909 | _a78218 | ||
| 999 |
_c78218 _d78218 |
||